000 00558nam a2200205Ia 4500
005 20250923145913.0
008 008 250917s9999 xx 000 0 eng d
037 _aTextual
040 _aDSWL
_beng
_cDSWL
041 _aeng
_2eng
084 _aY720aG:5x2, N92
_qDSWL
100 _aSen, Geetu
_9840134
245 0 _aIndigenous Vision
_c by Geetu Sen
260 _aNew Delhi
_bSage Publication
_c1992
300 _a304p.
365 _aINR
_b400.00
925 _g400.00
942 _cTEXL
_hY720aG:5x2, N92
999 _c1457160
_d1457160